00750nam a22002297a 45000010005000000030006000050050017000110080041000280200018000690400029000870500018001160820011001341000026001452450034001712600039002053000040002445050007002845200152002915210018004435210018004616500041004798931FISKH20251110132604.0251110b cb ||||| |||| 00| 0 eng d a9780590465885 aFISKHbengcFISKHdFISKH aPZ7.M423964 D a813.54 aMatas, Carol eAuthor aDaniel's story /cCarol Matas aNew York :bScholastic Inc ,c1993 a136 pages :billustrations ;c23 cm aR  aDaniel, whose family suffers as the Nazis rise to power in Germany, describes his imprisonment in a concentration camp and his eventual liberation.8 a720 bLexile 8 aR bRaz-Plus  aChildren's booksvHistorical fiction